[Event "Solingen op-B"]
[Site "Solingen"]
[Date "2005.05.29"]
[Round "7"]
[White "Meul, Wilhelm"]
[Black "Liu, Xiao You"]
[Result "0-1"]
[WhiteElo "1759"]
[BlackElo "1820"]
[PlyCount "70"]
[EventDate "2005.05.26"]
[EventType "swiss"]
[EventRounds "7"]
[EventCountry "GER"]
[SourceTitle "EXT 2006"]
[Source "ChessBase"]
[SourceDate "2005.11.24"]
[SourceVersion "1"]
[SourceVersionDate "2005.11.24"]
[SourceQuality "1"]

1. d4 b6 2. Nf3 Bb7 3. e3 e6 4. Bd3 f5 5. 0-0 Nf6 6. Nbd2 Be7 7. Qe2 0-0 8. e4 g6 9. c4 Nh5 10. g3 Bf6 11. e5 Be7 12. a3 a5 13. b3 Ng7 14. Re1 g5 15. Nf1 g4 16. N3d2 Qe8 17. f3 h5 18. Bb2 Qg6 19. f4 h4 20. Ne3 Na6 21. Bc3 Kf7 22. Kf2 hxg3+ 23. hxg3 Rh8 24. Rg1 Rh2+ 25. Ng2 Rah8 26. Nf1 Bf3 27. Qe3 R2h3 28. Be2 Bb7 29. Bb2 Nh5 30. Ne1 Bf8 31. d5 Nc5 32. Bd3 Nxb3 33. Bxf5 Qxf5 34. Qxb3 Nxf4 35. gxf4 Rxb3 0-1

[Event "Solingen op-B"]
[Site "Solingen"]
[Date "2005.05.28"]
[Round "4"]
[White "Meul, Wilhelm"]
[Black "Borgmann, Peter"]
[Result "1/2-1/2"]
[WhiteElo "1759"]
[BlackElo "1934"]
[PlyCount "65"]
[EventDate "2005.05.26"]
[EventType "swiss"]
[EventRounds "7"]
[EventCountry "GER"]
[SourceTitle "EXT 2006"]
[Source "ChessBase"]
[SourceDate "2005.11.24"]
[SourceVersion "1"]
[SourceVersionDate "2005.11.24"]
[SourceQuality "1"]

1. d4 Nf6 2. Nf3 d5 3. e3 Bf5 4. c4 c6 5. Qb3 Qb6 6. Nc3 e6 7. Be2 Nbd7 8. Nd2 Qc7 9. h3 h5 10. a3 Be7 11. Qa2 a6 12. b4 b5 13. cxb5 axb5 14. Qb3 Nb6 15. Bb2 Nc4 16. Nxc4 dxc4 17. Qd1 e5 18. Bf3 exd4 19. exd4 0-0 20. 0-0 Rfd8 21. Re1 Rd7 22. Nxb5 Qb6 23. Nc3 Rad8 24. Na4 Qc7 25. Qe2 Bd3 26. Qd2 Bd6 27. Nc5 Bxc5 28. bxc5 Nd5 29. Bxh5 Re7 30. Rxe7 Qxe7 31. Re1 Qf6 32. Bg4 Rb8 33. Be2 1/2-1/2

[Event "Solingen op-B"]
[Site "Solingen"]
[Date "2005.05.27"]
[Round "3"]
[White "Reiz, Uwe"]
[Black "Meul, Wilhelm"]
[Result "0-1"]
[WhiteElo "1708"]
[BlackElo "1759"]
[PlyCount "114"]
[EventDate "2005.05.26"]
[EventType "swiss"]
[EventRounds "7"]
[EventCountry "GER"]
[SourceTitle "EXT 2006"]
[Source "ChessBase"]
[SourceDate "2005.11.24"]
[SourceVersion "1"]
[SourceVersionDate "2005.11.24"]
[SourceQuality "1"]

1. e4 c5 2. f4 d6 3. Nf3 Nc6 4. Bc4 e6 5. c3 Nf6 6. d3 Be7 7. 0-0 a6 8. a3 b5 9. Ba2 Bb7 10. Be3 d5 11. Nbd2 Ng4 12. Qe2 Nxe3 13. Qxe3 0-0 14. exd5 exd5 15. Rae1 Re8 16. Kh1 Qd7 17. Ne5 Nxe5 18. fxe5 Bf8 19. Qf3 c4 20. d4 a5 21. Bb1 g6 22. Qg3 Bc8 23. Rf2 Qg4 24. Qxg4 Bxg4 25. h3 Be6 26. Bc2 b4 27. Nb1 bxa3 28. Nxa3 Reb8 29. Ba4 Ra6 30. g4 Rab6 31. Ree2 Be7 32. Rc2 Kg7 33. Kg2 Bh4 34. Rfe2 h5 35. Kf3 hxg4+ 36. hxg4 Be7 37. Rh2 f5 38. exf6+ Bxf6 39. Rce2 Bg5 40. Kg3 Bc1 41. Rh3 Bxb2 42. Nb1 Rh8 43. Rxh8 Kxh8 44. Be8 Kg7 45. Bd7 Bf7 46. Rc2 g5 47. Nd2 Bg6 48. Bf5 a4 49. Nf3 Bxf5 50. gxf5 Kf6 51. Kg4 a3 52. Rh2 Kg7 53. Nxg5 a2 54. Rh7+ Kg8 55. Rd7 a1Q 56. Rd8+ Kg7 57. Rd7+ Kf8 0-1

[Event "Leverkusen-ch op"]
[Site "Leverkusen"]
[Date "2005.04.18"]
[Round "9"]
[White "Meier, Tobias"]
[Black "Meul, Wilhelm"]
[Result "1/2-1/2"]
[WhiteElo "2186"]
[BlackElo "1782"]
[PlyCount "46"]
[EventDate "2005.01.10"]
[EventType "swiss"]
[EventRounds "9"]
[EventCountry "GER"]
[SourceTitle "EXT 2006"]
[Source "ChessBase"]
[SourceDate "2005.11.24"]
[SourceVersion "1"]
[SourceVersionDate "2005.11.24"]
[SourceQuality "1"]

1. Nc3 Nf6 2. e4 d6 3. d4 c6 4. f4 g6 5. Be2 Bg7 6. Be3 Qa5 7. Qd3 Ng4 8. Bxg4 Bxg4 9. h3 Be6 10. Nf3 Na6 11. 0-0 b5 12. d5 cxd5 13. f5 Nb4 14. Qxb5+ Qxb5 15. Nxb5 dxe4 16. fxe6 exf3 17. exf7+ Kd7 18. Rxf3 a6 19. Nc3 Bxc3 20. bxc3 Nxc2 21. Rb1 Nxe3 22. Rxe3 e5 23. Rb7+ Ke6 1/2-1/2

[Event "Leverkusen-ch op"]
[Site "Leverkusen"]
[Date "2005.03.21"]
[Round "7"]
[White "Lukovski, Lev"]
[Black "Meul, Wilhelm"]
[Result "1-0"]
[WhiteElo "2095"]
[BlackElo "1784"]
[PlyCount "73"]
[EventDate "2005.01.10"]
[EventType "swiss"]
[EventRounds "9"]
[EventCountry "GER"]
[SourceTitle "EXT 2006"]
[Source "ChessBase"]
[SourceDate "2005.11.24"]
[SourceVersion "1"]
[SourceVersionDate "2005.11.24"]
[SourceQuality "1"]

1. d4 Nf6 2. Bg5 g6 3. Bxf6 exf6 4. e3 f5 5. g3 Bg7 6. Bg2 d5 7. Ne2 Qd6 8. Nd2 c6 9. a3 Be6 10. Rc1 Nd7 11. c4 dxc4 12. Nxc4 Bxc4 13. Rxc4 Nb6 14. Rc5 Rd8 15. b4 0-0 16. h4 Rfe8 17. 0-0 Bf8 18. Nf4 Qb8 19. Rc3 Bd6 20. Ne2 Nd5 21. Bxd5 cxd5 22. Qb3 Re7 23. Rfc1 Kg7 24. Kg2 h6 25. Qc2 a6 26. Ng1 Rdd7 27. Rc8 Rc7 28. Rxb8 Rxc2 29. Rxc2 Bxb8 30. Rc8 Bc7 31. Ne2 Kf6 32. Nc3 Ke6 33. h5 g5 34. Rh8 Bd6 35. Rxh6+ f6 36. Rh8 b5 37. h6 1-0

[Event "Leverkusen-ch op"]
[Site "Leverkusen"]
[Date "2005.01.31"]
[Round "3"]
[White "Rosskothen, Arnd"]
[Black "Meul, Wilhelm"]
[Result "1-0"]
[WhiteElo "2184"]
[BlackElo "1784"]
[PlyCount "77"]
[EventDate "2005.01.10"]
[EventType "swiss"]
[EventRounds "9"]
[EventCountry "GER"]
[SourceTitle "EXT 2006"]
[Source "ChessBase"]
[SourceDate "2005.11.24"]
[SourceVersion "1"]
[SourceVersionDate "2005.11.24"]
[SourceQuality "1"]

1. e4 c5 2. Nf3 Nc6 3. Bb5 g6 4. Bxc6 dxc6 5. d3 Bg7 6. h3 Nf6 7. Nc3 0-0 8. Be3 b6 9. 0-0 Re8 10. Qd2 e5 11. Bh6 Qd6 12. Qg5 Bxh6 13. Qxh6 Qf8 14. Qe3 Qd6 15. Ne2 a5 16. a4 Ba6 17. Nd2 Rad8 18. Ng3 Kg7 19. Qg5 Bc8 20. Nc4 Qc7 21. Ne3 Ng8 22. Nh5+ Kf8 23. Nf6 Nxf6 24. Qxf6 Kg8 25. f4 exf4 26. Rxf4 Be6 27. Raf1 Qe7 28. Qc3 Rf8 29. Nf5 Bxf5 30. exf5 Qe3+ 31. Kh2 Rd4 32. R4f3 Qe5+ 33. Kh1 Qd5 34. Qd2 Rh4 35. Qg5 Rh5 36. Qf6 Re8 37. c4 Qd7 38. g4 Rh6 39. Qg5 1-0

[Event "Leverkusen-ch op"]
[Site "Leverkusen"]
[Date "2005.01.17"]
[Round "2"]
[White "Meul, Wilhelm"]
[Black "Meinecke, Hans"]
[Result "1-0"]
[WhiteElo "1784"]
[BlackElo "1452"]
[PlyCount "79"]
[EventDate "2005.01.10"]
[EventType "swiss"]
[EventRounds "9"]
[EventCountry "GER"]
[SourceTitle "EXT 2006"]
[Source "ChessBase"]
[SourceDate "2005.11.24"]
[SourceVersion "1"]
[SourceVersionDate "2005.11.24"]
[SourceQuality "1"]

1. d4 d5 2. Nf3 Nf6 3. e3 e6 4. Bd3 Be7 5. Nbd2 b6 6. Qe2 Bb7 7. 0-0 0-0 8. Ne5 a6 9. f4 Nbd7 10. Qf3 c5 11. c3 c4 12. Bc2 b5 13. a3 a5 14. g4 Re8 15. g5 Ne4 16. Nxe4 dxe4 17. Bxe4 Bxe4 18. Qxe4 Nxe5 19. Qxe5 Bd6 20. Qxb5 Qc7 21. Qa4 f6 22. Qc2 fxg5 23. fxg5 a4 24. e4 e5 25. Be3 Qc6 26. d5 Qd7 27. Qg2 Rab8 28. Rf2 Rf8 29. Raf1 Rxf2 30. Rxf2 Rf8 31. Rxf8+ Bxf8 32. Qf3 Bd6 33. Qf5 Qxf5 34. exf5 g6 35. f6 Kf7 36. Kg2 Ke8 37. Kf3 Kd7 38. Ke4 Ke8 39. Bf2 Kd7 40. Bg3 1-0

[Event "Cologne Longerich op 3rd"]
[Site "Cologne"]
[Date "2004.07.03"]
[Round "2"]
[White "Meul, Wilhelm"]
[Black "Wolter, Kai"]
[Result "0-1"]
[WhiteElo "1744"]
[BlackElo "2210"]
[PlyCount "64"]
[EventDate "2004.06.26"]
[EventType "swiss"]
[EventRounds "7"]
[EventCountry "GER"]
[SourceTitle "EXT 2006"]
[Source "ChessBase"]
[SourceDate "2005.11.24"]
[SourceVersion "1"]
[SourceVersionDate "2005.11.24"]
[SourceQuality "1"]

1. d4 Nf6 2. Nf3 g6 3. Bg5 Bg7 4. Nbd2 0-0 5. e3 d6 6. Bd3 b6 7. Qe2 Nbd7 8. c3 e5 9. 0-0 h6 10. Bxf6 Qxf6 11. Be4 Rb8 12. Bc6 Qe7 13. e4 Nf6 14. d5 Nh5 15. a4 f5 16. Ne1 Nf4 17. Qc4 h5 18. Nd3 Nxg2 19. Kxg2 Qg5+ 20. Kh1 Qxd2 21. Rg1 fxe4 22. Rad1 Qe2 23. Nxe5 Qxc4 24. Nxc4 Bg4 25. Rxg4 hxg4 26. Kg2 a6 27. Bd7 b5 28. axb5 axb5 29. Ne3 b4 30. Be6+ Kh7 31. cxb4 Rxb4 32. Nxg4 Rxb2 0-1

[Event "Cologne-ch"]
[Site "Cologne"]
[Date "2003.03.29"]
[Round "5"]
[White "Krug, Kevin"]
[Black "Meul, Wilhelm"]
[Result "1-0"]
[WhiteElo "1821"]
[BlackElo "1755"]
[PlyCount "41"]
[EventDate "2003.04.??"]
[EventType "swiss"]
[EventRounds "7"]
[EventCountry "GER"]
[SourceTitle "EXT 2005"]
[Source "ChessBase"]
[SourceDate "2004.11.15"]
[SourceVersion "1"]
[SourceVersionDate "2004.11.15"]
[SourceQuality "1"]

1. e4 c5 2. Nf3 Nc6 3. Bb5 g6 4. 0-0 Bg7 5. c3 e6 6. d4 cxd4 7. cxd4 Qb6 8. Bxc6 dxc6 9. Nc3 Ne7 10. e5 Nd5 11. Ne4 0-0 12. b3 h6 13. Qd3 Kh7 14. Ba3 Nb4 15. Qd2 a5 16. Rad1 Rd8 17. Nf6+ Bxf6 18. exf6 Rd5 19. Bc1 g5 20. h4 Kg6 21. Ne5+ 1-0

[Event "Cologne Longerich op 2nd"]
[Site "Cologne"]
[Date "2003.??.??"]
[Round "4"]
[White "Feldmann, Guido"]
[Black "Meul, Wilhelm"]
[Result "1/2-1/2"]
[WhiteElo "1936"]
[BlackElo "1758"]
[PlyCount "42"]
[EventDate "2003.06.??"]
[EventType "swiss"]
[EventRounds "7"]
[EventCountry "GER"]
[SourceTitle "EXT 2004"]
[Source "ChessBase"]
[SourceDate "2003.11.25"]
[SourceVersion "1"]
[SourceVersionDate "2003.11.25"]
[SourceQuality "1"]

1. e4 c5 2. Nf3 Nc6 3. d4 cxd4 4. Nxd4 Nf6 5. Nc3 e5 6. Ndb5 d6 7. Bg5 a6 8. Na3 b5 9. Bxf6 gxf6 10. Nd5 f5 11. exf5 Bxf5 12. c3 Be6 13. Nc2 Bg7 14. g3 0-0 15. Bg2 Rc8 16. 0-0 f5 17. Qh5 Kh8 18. Nce3 Ne7 19. Rad1 Nxd5 20. Bxd5 Bxd5 21. Rxd5 Qf6 1/2-1/2

[Event "Cologne Longerich op 2nd"]
[Site "Cologne"]
[Date "2003.??.??"]
[Round "3"]
[White "Grabowski, Johann"]
[Black "Meul, Wilhelm"]
[Result "0-1"]
[WhiteElo "1777"]
[BlackElo "1758"]
[PlyCount "74"]
[EventDate "2003.06.??"]
[EventType "swiss"]
[EventRounds "7"]
[EventCountry "GER"]
[SourceTitle "EXT 2004"]
[Source "ChessBase"]
[SourceDate "2003.11.25"]
[SourceVersion "1"]
[SourceVersionDate "2003.11.25"]
[SourceQuality "1"]

1. e4 c5 2. Nf3 Nc6 3. d4 cxd4 4. Nxd4 Nf6 5. Nc3 e5 6. Ndb5 d6 7. Bg5 a6 8. Bxf6 gxf6 9. Na3 b5 10. Nd5 f5 11. Bxb5 axb5 12. Nxb5 Ra4 13. 0-0 Rxe4 14. Nbc7+ Kd7 15. Qh5 Ne7 16. Qxf7 Kc6 17. Ne6 Bxe6 18. Qxe6 Nxd5 19. Rfd1 Ne7 20. Rd3 Rb4 21. Rad1 Nc8 22. a4 h5 23. Rc3+ Kb7 24. a5 Rh7 25. a6+ Kb8 26. Ra1 Rc7 27. Rb3 Rxb3 28. Qxb3+ Ka7 29. Qe3+ Nb6 30. c3 e4 31. b4 Qc8 32. g3 Rxc3 33. Qe2 d5 34. Kg2 Bxb4 35. Qxh5 Rc2 36. Qh7+ Qd7 37. Qh6 d4 0-1

[Event "Cologne Longerich op 2nd"]
[Site "Cologne"]
[Date "2003.??.??"]
[Round "6"]
[White "Meul, Wilhelm"]
[Black "Goldenstein, Arnd"]
[Result "0-1"]
[WhiteElo "1758"]
[BlackElo "1964"]
[PlyCount "72"]
[EventDate "2003.06.??"]
[EventType "swiss"]
[EventRounds "7"]
[EventCountry "GER"]
[SourceTitle "EXT 2004"]
[Source "ChessBase"]
[SourceDate "2003.11.25"]
[SourceVersion "1"]
[SourceVersionDate "2003.11.25"]
[SourceQuality "1"]

1. d4 d5 2. Nf3 Nf6 3. e3 c6 4. Bd3 Bg4 5. c4 e6 6. Qb3 Qc7 7. Ne5 Bh5 8. Nc3 Nbd7 9. f4 Be7 10. Bd2 0-0 11. Rc1 dxc4 12. Qxc4 Rac8 13. 0-0 c5 14. Ne4 Nxe4 15. Bxe4 Nf6 16. dxc5 Nxe4 17. Qxe4 Bxc5 18. b4 Qd6 19. bxc5 Qxd2 20. Rc2 Qa5 21. g4 Bg6 22. Nxg6 hxg6 23. Qxb7 Rxc5 24. Qe4 Rd8 25. Rxc5 Qxc5 26. Rf2 Rd1+ 27. Kg2 Qc1 28. Qa8+ Kh7 29. Qf3 Rg1+ 30. Kh3 Re1 31. Re2 Qd1 32. Rf2 Qd3 33. Qg2 Rxe3+ 34. Kh4 f6 35. Rd2 g5+ 36. fxg5 Qg6 0-1

[Event "Cologne Longerich op 2nd"]
[Site "Cologne"]
[Date "2003.??.??"]
[Round "2"]
[White "Meul, Wilhelm"]
[Black "Schadt, Christof"]
[Result "1/2-1/2"]
[WhiteElo "1755"]
[BlackElo "1919"]
[PlyCount "80"]
[EventDate "2003.06.??"]
[EventType "swiss"]
[EventRounds "7"]
[EventCountry "GER"]
[SourceTitle "EXT 2004"]
[Source "ChessBase"]
[SourceDate "2003.11.25"]
[SourceVersion "1"]
[SourceVersionDate "2003.11.25"]
[SourceQuality "1"]

1. d4 d5 2. Nf3 Nf6 3. e3 Bg4 4. c4 dxc4 5. Bxc4 e6 6. Qb3 Bxf3 7. gxf3 Nbd7 8. Qxb7 c5 9. dxc5 Bxc5 10. Nc3 Rb8 11. Qa6 0-0 12. Bb3 Ne5 13. Qe2 Qa5 14. Rb1 Bb4 15. 0-0 Rfd8 16. f4 Nd3 17. Rd1 Nxb2 18. Bxb2 Bxc3 19. Bxc3 Qxc3 20. Rbc1 Qa5 21. f3 Nd5 22. Bxd5 Rxd5 23. Rxd5 Qxd5 24. Rd1 Qc5 25. Qd2 g6 26. Rc1 Qa3 27. Rc3 Rb1+ 28. Kf2 Qe7 29. Rc8+ Kg7 30. Qc3+ Kh6 31. Qd2 Qb7 32. Rc2 Qb5 33. Qe2 Qb6 34. Qd2 Rh1 35. Kg2 Qb1 36. Qf2 Rg1+ 37. Qxg1 Qxc2+ 38. Qf2 Qc3 39. e4 Qc1 40. Qxa7 Qxf4 1/2-1/2

[Event "Cologne Longerich op 2nd"]
[Site "Cologne"]
[Date "2003.??.??"]
[Round "1"]
[White "Van Eckeren, Andreas"]
[Black "Meul, Wilhelm"]
[Result "0-1"]
[WhiteElo "1112"]
[BlackElo "1755"]
[PlyCount "60"]
[EventDate "2003.06.??"]
[EventType "swiss"]
[EventRounds "7"]
[EventCountry "GER"]
[SourceTitle "EXT 2004"]
[Source "ChessBase"]
[SourceDate "2003.11.25"]
[SourceVersion "1"]
[SourceVersionDate "2003.11.25"]
[SourceQuality "1"]

1. e4 c5 2. Nf3 Nc6 3. d4 cxd4 4. Nxd4 Nf6 5. Nc3 e5 6. Nf3 Bb4 7. Bd2 Bxc3 8. Bxc3 Nxe4 9. Bxe5 Nxe5 10. Nxe5 Qa5+ 11. c3 Qxe5 12. Be2 0-0 13. 0-0 d5 14. Bd3 Nf6 15. Re1 Qg5 16. Re3 Re8 17. Rg3 Qf4 18. Rf3 Qd6 19. Qc2 Bg4 20. Rg3 Bh5 21. Rh3 Bg6 22. Rd1 Bxd3 23. Qxd3 Re4 24. c4 Rae8 25. g4 Re1+ 26. Rxe1 Rxe1+ 27. Kg2 Qe5 28. cxd5 Qxd5+ 29. Qxd5 Nxd5 30. Rd3 Nf4+ 0-1

[Event "Oberliga NRW 8788 II"]
[Site "Germany"]
[Date "1988.??.??"]
[Round "8"]
[White "Meul, Wilhelm"]
[Black "Sklarz, Gerd"]
[Result "1/2-1/2"]
[WhiteElo "1765"]
[BlackElo "1895"]
[PlyCount "33"]
[EventDate "1987.10.??"]
[EventType "team"]
[EventRounds "9"]
[EventCountry "GER"]
[SourceTitle "EXT 1997"]
[Source "ChessBase"]
[SourceDate "1996.11.15"]
[SourceVersion "1"]
[SourceVersionDate "1996.11.15"]
[SourceQuality "1"]
[WhiteTeam "Frechen"]
[BlackTeam "Bottrop"]
[WhiteTeamCountry "GER"]
[BlackTeamCountry "GER"]

1. c4 c6 2. d4 d5 3. cxd5 cxd5 4. Nc3 Nf6 5. Bf4 Nc6 6. Nf3 e6 7. e3 Bb4 8. a3 Bxc3+ 9. bxc3 Bd7 10. Bd3 Rc8 11. Qb3 Na5 12. Qb4 Qb6 13. Nd2 Qxb4 14. cxb4 Nc4 15. Nxc4 dxc4 16. Bc2 Ke7 17. e4 1/2-1/2